Movies Quiz

Random Movies or Actor Quiz

Oscar Winner By Role Quiz Stats

 Plays Quiz Updated Dec 23, 2018

Support Sporcle.
Go Orange.
Score 0/24 Timer 06:00
3 Plays Today
Character Name Actor % Correct
Forrest GumpTom Hanks
98.7%
Hannibal LecterAnthony Hopkins
85.3%
Maximus Decimus MeridiusRussell Crowe
75.9%
Gordon GekkoMichael Douglas
75.7%
Jake LaMottaRobert DeNiro
74%
Truman CapotePhilip Seymour Hoffman
72.1%
Atticus FinchGregory Peck
65.6%
Idi AminForest Whitaker
58.6%
Roger 'Verbal' KintKevin Spacey
52.9%
Fast Eddie FelsonPaul Newman
52.7%
R.P McMurphyJack Nicholson
52.3%
Rod TidwellCuba Gooding, Jr.
42.6%
Character Name Actor % Correct
Terry MalloyMarlon Brando
39.6%
Władysław Szpilman Adrien Brody
37.6%
Anton ChigurhJavier Bardem
35.4%
Samuel GerardTommy Lee Jones
32.4%
Bad BlakeJeff Bridges
30.3%
Eddie Scrap-Iron DuprisMorgan Freeman
29.1%
Marshal Will KaneGary Cooper
25.9%
Charlie Allnut Humphrey Bogart
23.3%
Curly WashburnJack Palance
22.8%
Marty Piletti Ernest Borgnine
22%
Macaulay ConnorJames Stewart
20.6%
Angelo MaggioFrank Sinatra
18.2%

From the Vault

World's Most Boring Quiz Ever

by Pilgab

We think yawns are just silent screams for coffee.
Remove Ads.
Support Sporcle.
Get the best of Sporcle when you Go Orange. This ad-free experience offers more features, more stats, and more fun while also helping to support Sporcle. Thank you for becoming a member.

Show Comments

Extras

Top Quizzes Today


Score Distribution

Your Account Isn't Verified!

In order to create a playlist on Sporcle, you need to verify the email address you used during registration. Go to your Sporcle Settings to finish the process.

Report this User

Report this user for behavior that violates our Community Guidelines.

Details: